[Event "AUTO-ELITE-299"]
[Site "http://www.queenalice.com/game.php?id=548231"]
[Date "2009.2.28"]
[Round "1"]
[White "flodur"]
[Black "Vonkinho"]
[Result "0-1"]
[WhiteElo "2181"]
[BlackElo "2252"]

1. e4 e5 2. Nf3 Nf6 3. Nxe5 d6 4. Nf3 Nxe4 5. Nc3 Nxc3 6. dxc3 Be7 7. Be3 Nd7 8.
Qd2 O-O 9. O-O-O a5 10. h4 a4 11. a3 Ne5 12. h5 Be6 13. Nd4 Bc4 14. f4 Bxf1 15.
Rdxf1 Nc4 16. Qd3 Nxe3 17. Qxe3 Re8 18. Qf3 c6 19. c4 Bf6 20. Rd1 Qb6 21. c3 Qc5
22. Qd3 Rad8 23. g4 d5 24. cxd5 Rxd5 25. Kb1 Red8 26. Rhe1 h6 27. Rc1 Bxd4 28.
cxd4 Qxd4 29. Qxd4 Rxd4 30. Re7 Rxf4 31. Rxb7 Rxg4 32. Rxc6 f5 0-1

[Event "AUTO-ELITE-299"]
[Site "http://www.queenalice.com/game.php?id=548236"]
[Date "2009.2.28"]
[Round "1"]
[White "flodur"]
[Black "BruceA"]
[Result "1/2-1/2"]
[WhiteElo "2240"]
[BlackElo "2233"]

1. e4 e5 2. Nf3 Nc6 3. Bb5 a6 4. Ba4 Nf6 5. O-O Nxe4 6. d4 b5 7. Bb3 d5 8. dxe5
Be6 9. Be3 Be7 10. c3 Qd7 11. Nbd2 O-O 12. Bc2 f5 13. exf6 Nxf6 14. Re1 1/2-1/2

[Event "AUTO-ELITE-299"]
[Site "http://www.queenalice.com/game.php?id=548237"]
[Date "2009.2.28"]
[Round "1"]
[White "BruceA"]
[Black "flodur"]
[Result "1-0"]
[WhiteElo "2246"]
[BlackElo "2091"]

1. d4 Nf6 2. c4 e6 3. Nf3 b6 4. Bg5 Bb7 5. Nc3 Bb4 6. Qb3 Qe7 7. e3 h6 8. Bh4
Bxc3+ 9. bxc3 d6 10. Be2 Nbd7 11. h3 g5 12. Bg3 Ne4 13. Bh2 O-O-O 14. Qa3 Kb8
15. Ne5 Rde8 16. Nxd7+ Qxd7 17. f3 Nf6 18. c5 e5 19. O-O Re7 20. Rab1 h5 21.
cxb6 cxb6 22. Rfd1 Qc7 23. Rb4 1-0

[Event "AUTO-ELITE-307"]
[Site "http://www.queenalice.com/game.php?id=555807"]
[Date "2009.3.14"]
[Round "1"]
[White "Vonkinho"]
[Black "flodur"]
[Result "1-0"]
[WhiteElo "2271"]
[BlackElo "2162"]

1. d4 Nf6 2. c4 e6 3. Nf3 b6 4. g3 Ba6 5. Bg2 Bxc4 6. Nc3 c6 7. Ne5 Ba6 8. O-O
Be7 9. Re1 O-O 10. e4 d6 11. Ng4 d5 12. e5 Nxg4 13. Qxg4 Kh8 14. f4 g6 15. h4 h5
16. Qf3 Nd7 17. Be3 Bb7 18. Rac1 Kg7 19. Nd1 c5 20. Nf2 Rc8 21. Nh3 cxd4 22.
Bxd4 Rxc1 23. Rxc1 Bc5 24. Qe3 Bxd4 25. Qxd4 Qb8 26. Ng5 Rc8 27. Rxc8 Qxc8 28.
Qb4 Qc5+ 29. Qxc5 1-0

[Event "AUTO-ELITE-307"]
[Site "http://www.queenalice.com/game.php?id=555808"]
[Date "2009.3.14"]
[Round "1"]
[White "flodur"]
[Black "Vonkinho"]
[Result "0-1"]
[WhiteElo "2171"]
[BlackElo "2262"]

1. e4 e5 2. Nf3 Nf6 3. Nxe5 d6 4. Nf3 Nxe4 5. d4 d5 6. Bd3 Bd6 7. O-O Bg4 8. c4
O-O 9. cxd5 f5 10. Nc3 Nd7 11. h3 Bh5 12. Nxe4 fxe4 13. Bxe4 Nf6 14. Bf5 Kh8 15.
g4 Nxd5 16. Be6 Bf7 17. Ng5 Bxe6 18. Nxe6 Qf6 19. Nxf8 Rxf8 20. g5 Qf5 21. Qg4
Qc2 22. f4 Qe4 23. f5 Qc2 24. Rf2 Qd3 25. Bd2 c5 26. Qf3 Qxd4 0-1

[Event "AUTO-ELITE-307"]
[Site "http://www.queenalice.com/game.php?id=555813"]
[Date "2009.3.14"]
[Round "1"]
[White "flodur"]
[Black "pumamercedino"]
[Result "0-1"]
[WhiteElo "2268"]
[BlackElo "2457"]

1. e4 c5 2. Nf3 e6 3. d4 cxd4 4. Nxd4 Qb6 5. Be3 Qxb2 6. Nd2 a6 7. Bd3 Qc3 8.
O-O Qc7 9. e5 d6 10. f4 Nd7 11. Nc4 dxe5 12. fxe5 Nxe5 13. Bf4 Bd6 14. Nxd6+
Qxd6 15. Nf5 exf5 16. Bxe5 Qc5+ 17. Kh1 Nf6 18. Bxf5 Bxf5 19. Rxf5 Nd7 20. Rxf7
Nxe5 21. Rxg7 h5 22. Qd2 Rd8 23. Qe2 Rd5 24. Re1 Kd8 25. Rxb7 Qd6 26. Reb1 Nc6
27. h3 Re8 0-1

[Event "AUTO-ELITE-307"]
[Site "http://www.queenalice.com/game.php?id=555814"]
[Date "2009.3.14"]
[Round "1"]
[White "pumamercedino"]
[Black "flodur"]
[Result "1/2-1/2"]
[WhiteElo "2455"]
[BlackElo "2262"]

1. d4 Nf6 2. c4 e6 3. Nc3 Bb4 4. f3 d5 5. a3 Bxc3+ 6. bxc3 c5 7. cxd5 Nxd5 8.
dxc5 Qa5 9. e4 Ne7 10. Be3 Qxc3+ 11. Kf2 Nbc6 12. Ne2 Qa5 13. Nf4 O-O 14. Bc4
Rd8 15. Qe1 Bd7 16. Be2 Be8 17. Qxa5 Nxa5 18. Rhd1 Rxd1 19. Rxd1 Rc8 20. Kg3
Nac6 21. Rb1 Rc7 22. Rd1 Rd7 23. Rd6 Rxd6 24. cxd6 Nc8 25. Bb5 Nxd6 1/2-1/2

[Event "AUTO-ELITE-324"]
[Site "http://www.queenalice.com/game.php?id=572707"]
[Date "2009.4.16"]
[Round "1"]
[White "Donidon"]
[Black "flodur"]
[Result "1-0"]
[WhiteElo "2387"]
[BlackElo "2204"]

1. e4 c5 2. Nf3 Nc6 3. d4 cxd4 4. Nxd4 Nf6 5. Nc3 e5 6. Ndb5 d6 7. Bg5 a6 8. Na3
b5 9. Nd5 Be7 10. Nxe7 Nxe7 11. Bxf6 gxf6 12. c4 f5 13. exf5 Nxf5 14. cxb5 O-O
15. Bd3 e4 16. Bxe4 Re8 17. O-O Rxe4 18. Qd5 Bb7 19. Qxb7 Rb4 20. Qd5 Nd4 21. b6
Rc8 22. Rad1 Rc5 23. Qe4 Nc6 24. Qd3 Qxb6 25. Qg3+ Kh8 26. Qxd6 1-0

[Event "AUTO-ELITE-324"]
[Site "http://www.queenalice.com/game.php?id=572708"]
[Date "2009.4.16"]
[Round "1"]
[White "flodur"]
[Black "Donidon"]
[Result "0-1"]
[WhiteElo "2197"]
[BlackElo "2394"]

1. e4 Nf6 2. e5 Nd5 3. d4 d6 4. Nf3 dxe5 5. Nxe5 Bf5 6. Qf3 e6 7. Bd3 Qf6 8.
Bxf5 Qxf5 9. Qxf5 exf5 10. a3 Bd6 11. Nd3 Nc6 12. c3 O-O 13. Nd2 Rfe8+ 14. Kd1
Na5 15. g3 f4 16. c4 Nf6 17. b4 Nc6 18. Bb2 fxg3 19. hxg3 Be7 0-1

[Event "AUTO-OPEN-1517"]
[Site "http://www.queenalice.com/game.php?id=573245"]
[Date "2009.4.17"]
[Round "1"]
[White "majersesc"]
[Black "flodur"]
[Result "1-0"]
[WhiteElo "2175"]
[BlackElo "2126"]

1. c4 c5 2. e3 e5 3. Nc3 Nc6 4. Nf3 Nf6 5. d3 d5 6. cxd5 Nxd5 7. a3 Be7 8. e4
Nc7 9. h3 O-O 10. Be2 Be6 11. O-O Qd7 12. Be3 f6 13. Qd2 Nd4 14. Bd1 Kh8 15. Kh2
Bd6 16. g4 f5 17. gxf5 1-0

[Event "AUTO-OPEN-1517"]
[Site "http://www.queenalice.com/game.php?id=573246"]
[Date "2009.4.17"]
[Round "1"]
[White "flodur"]
[Black "majersesc"]
[Result "0-1"]
[WhiteElo "2115"]
[BlackElo "2186"]

1. e4 c5 2. Nf3 a6 3. c3 e6 4. d4 d5 5. e5 Nc6 6. Bd3 Qc7 7. a3 Nge7 8. O-O cxd4
9. cxd4 Nf5 10. Be3 Be7 11. Nc3 Nxe3 12. fxe3 O-O 13. Rc1 Qd8 14. Bb1 g6 15. Qe1
Bd7 16. Qg3 Kg7 17. Ne2 Rc8 18. Nf4 Kh8 0-1

[Event "AUTO-OPEN-1517"]
[Site "http://www.queenalice.com/game.php?id=573269"]
[Date "2009.4.17"]
[Round "1"]
[White "sphagnis"]
[Black "flodur"]
[Result "0-1"]
[WhiteElo "1369"]
[BlackElo "2249"]

1. e4 c5 2. d4 cxd4 3. Qxd4 Nc6 4. Qd2 Nf6 5. Nc3 e6 6. Nf3 d6 7. Bb5 Bd7 8.
Bxc6 Bxc6 9. O-O Nxe4 10. Nxe4 Bxe4 11. Qc3 Rc8 12. Qb4 Bc6 13. Be3 b6 14. Nd4
d5 15. Nxc6 Bxb4 16. Nxd8 Kxd8 17. c3 Bc5 18. Bg5+ f6 19. Bf4 e5 20. Bd2 Ke7 21.
b4 Bd6 22. Rac1 Rc4 23. g3 Rhc8 24. Be3 Rxc3 25. Bd2 Rxc1 26. Bxc1 Bxb4 27. a3
Bd6 28. a4 Rc4 29. Rd1 d4 30. Kg2 Rxa4 31. Rd3 Rc4 32. Bb2 Rc2 33. Ba1 b5 34.
Rb3 b4 35. h4 a5 36. Kf3 a4 37. Rb1 f5 38. g4 g6 39. Re1 e4+ 40. Kg2 Bc5 41.
gxf5 gxf5 42. Rf1 b3 43. Kg3 b2 44. f3 Bd6+ 45. f4 a3 46. Rd1 d3 47. h5 Rc1 48.
Bxb2 axb2 49. Rd2 b1=Q 50. Kh4 Kf6 51. Rh2 Rh1 52. Kg3 Qg1+ 53. Kh3 Qg4# 0-1

[Event "AUTO-OPEN-1517"]
[Site "http://www.queenalice.com/game.php?id=573270"]
[Date "2009.4.17"]
[Round "1"]
[White "flodur"]
[Black "sphagnis"]
[Result "1-0"]
[WhiteElo "2250"]
[BlackElo "1367"]

1. e4 d6 2. d4 Nf6 3. Nc3 Nc6 4. Nf3 Bg4 5. Be3 d5 6. exd5 Nxd5 7. Nxd5 Qxd5 8.
Be2 e5 9. dxe5 Qa5+ 10. c3 Rd8 11. Qc2 g6 12. O-O Bxf3 13. Bxf3 Qb5 14. Bxc6+
Qxc6 15. Bg5 Be7 16. Bh6 g5 17. Bg7 Rg8 18. Qxh7 Rxg7 19. Qxg7 Qg6 20. Qxg6 fxg6
21. Rad1 c5 22. Rxd8+ Bxd8 23. Rd1 g4 24. Re1 Bg5 25. c4 Kf7 26. Re4 Bc1 27. b3
Ke6 28. Rxg4 Kf5 29. e6 Kxe6 30. Rxg6+ Kd7 31. h4 a6 32. h5 b5 33. h6 bxc4 34.
h7 Bb2 35. bxc4 a5 36. Rg8 Bf6 37. h8=Q Bxh8 38. Rxh8 Ke6 39. Rh5 Kd6 40. Kh2 a4
41. f4 a3 42. Rh6+ Ke7 43. Kg3 Kf7 44. Kg4 Kg7 45. Kg5 Kf7 46. g4 Kg7 47. f5 Kf7
48. Rh7+ Kg8 49. Kg6 Kf8 50. f6 Ke8 51. Ra7 Kd8 52. f7 Kc8 53. f8=R# 1-0

[Event "AUTO-OPEN-1517"]
[Site "http://www.queenalice.com/game.php?id=573285"]
[Date "2009.4.17"]
[Round "1"]
[White "flodur"]
[Black "rdononato"]
[Result "0-1"]
[WhiteElo "1982"]
[BlackElo "1994"]

1. e4 d5 2. exd5 Qxd5 3. Nc3 Qd8 4. d4 Nf6 5. Nf3 e6 6. Bd3 Be7 7. Bg5 Nbd7 8.
Qe2 c6 9. O-O-O Nb6 10. Kb1 Nbd5 11. Nxd5 Nxd5 12. Bxe7 Qxe7 13. Qe4 Qb4 14. Ka1
Bd7 15. c3 Qd6 16. Rhe1 O-O-O 0-1

[Event "AUTO-OPEN-1517"]
[Site "http://www.queenalice.com/game.php?id=573286"]
[Date "2009.4.17"]
[Round "1"]
[White "rdononato"]
[Black "flodur"]
[Result "1-0"]
[WhiteElo "2029"]
[BlackElo "1966"]

1. Nf3 c5 2. g3 Nc6 3. Bg2 e5 4. d3 g6 5. c3 Bg7 6. e4 Nge7 7. Bg5 h6 8. Be3 b6
9. Nbd2 O-O 10. O-O f5 11. Nc4 d5 12. exd5 Nxd5 13. Qe2 Re8 14. Qd2 Kh7 15. Qc2
Bb7 16. Rad1 Rc8 17. Bc1 Rc7 18. Rfe1 1-0

[Event "AUTO-OPEN-1160"]
[Site "http://www.queenalice.com/game.php?id=578652"]
[Date "2009.4.27"]
[Round "3"]
[White "alexsoncini"]
[Black "flodur"]
[Result "1-0"]
[WhiteElo "2116"]
[BlackElo "2250"]

1. d4 Nf6 2. g4 Nxg4 3. e4 d6 4. Bh3 Nf6 5. Nc3 c6 6. Bg5 Bxh3 7. Nxh3 Nbd7 8.
Qd3 e5 9. f4 exd4 10. Qxd4 Be7 11. O-O-O Qb6 12. Bxf6 Nxf6 13. Qxb6 axb6 14.
Rhg1 1-0

[Event "AUTO-OPEN-1160"]
[Site "http://www.queenalice.com/game.php?id=578653"]
[Date "2009.4.27"]
[Round "3"]
[White "flodur"]
[Black "alexsoncini"]
[Result "0-1"]
[WhiteElo "2267"]
[BlackElo "2098"]

1. e4 e5 2. Nf3 f5 3. Nxe5 Qf6 4. d4 d6 5. Nc4 fxe4 6. Nc3 Qg6 7. Bf4 Nf6 8. Qd2
Be6 9. d5 Bf7 10. h3 Nbd7 11. O-O-O a6 12. Ne3 Be7 13. g4 O-O 14. Bg2 c6 0-1

[Event "AUTO-OPEN-1165"]
[Site "http://www.queenalice.com/game.php?id=592667"]
[Date "2009.5.23"]
[Round "3"]
[White "MarceloPadre"]
[Black "flodur"]
[Result "1-0"]
[WhiteElo "2102"]
[BlackElo "1994"]

1. d4 Nf6 2. c4 e6 3. Nc3 Bb4 4. Qb3 Qe7 5. e3 b6 6. Bd3 Bb7 7. f3 d5 8. Ne2 O-O
9. O-O c5 10. Bd2 dxc4 11. Bxc4 1-0